Statistiques concernant Composition des finalistes de LDC (2014-2023)

Cliquez ici pour prendre le quiz!

Statistiques générales

  • Ce quiz a été pris 275 fois
  • Le résultat moyen est 73 sur 120

Statistiques - réponses

IndiceRéponse% Correct
Gardien CAMEROUNOnana
93%
Gardien BRESILEderson
85%
Milieu offensif ANGLETERREAlli
84%
Gardien COSTA RICANavas
84%
Ailier droit EGYPTESalah
84%
Gardien BRESILAlisson
83%
Ailier gauche SENEGAL | Buteur SENEGALMané
83%
Ailier gauche FRANCEMbappé
82%
Défenseur central PAYS-BASVan Dijk
81%
Buteur BRESILNeymar
80%
Milieu central ESPAGNEThiago
79%
Défenseur central PORTUGALDias
78%
Défenseur central FRANCEKonaté
78%
Latéral gauche ECOSSERobertson
78%
Latéral droit ANGLETERREWalker
78%
Milieu offensif BELGIQUEDe Bruyne
77%
Ailier droit ARGENTINEDi Maria
77%
Gardien FRANCELloris
77%
Ailier droit ALGERIEMahrez
77%
Ailier gauche COREE DU SUDSon
77%
Défenseur central FRANCEKimpembe
76%
Latéral droit ANGLETERREAlexander Arnold
75%
Buteur BOSNIEDzeko
74%
Milieu central BRESILMarquinhos
74%
Gardien ITALIEBuffon
73%
Ailier gauche COLOMBIEDiaz
73%
Milieu central ALLEMAGNEGundogan
73%
Milieu central ANGLETERRE | Milieu central n°14 ANGLETERREHenderson
73%
Milieu central PORTUGALBernardo Silva
72%
Buteur ANGLETERREKane
72%
Buteur BRESILFirmino
71%
Milieu central ANGLETERREFoden
71%
Buteur ARGENTINELautaro Martinez
71%
Défenseur central BRESILThiago Silva
71%
Latéral gauche ESPAGNEBernat
70%
Défenseur central n°19 ITALIE | Défenseur central n°3 ITALIEBonucci
70%
Gardien BELGIQUECourtois
70%
2023Inter
70%
Défenseur central ANGLETERREStones
70%
Latéral gauche UKRAINEZinchenko
70%
2018 | 2022Liverpool
69%
2021Manchester City
69%
Buteur FRANCEGriezmann
68%
Défenseur central n°3 ITALIEChiellini
67%
Latéral droit PAYS-BASDumfries
67%
Milieu central BRESILFabinho
67%
Buteur ESPAGNEMorata
67%
Milieu central ARGENTINEParedes
67%
Milieu central ITALIEBarella
66%
Gardien SLOVENIEOblak
66%
2020Paris
66%
Milieu central CROATIEBrozovic
64%
Ailier gauche ANGLETERRESterling
64%
Buteur ARGENTINEHiguain
62%
2015 | 2017Juventus
62%
Milieu offensif ARGENTINEDybala
61%
Gardien ALLEMAGNEKarius
61%
Latéral droit ALLEMAGNEKehrer
61%
2019Tottenham
61%
Défenseur central URUGUAYGodin
60%
Milieu défensif FRANCESissoko
60%
Milieu gauche ESPAGNEKoke
59%
Milieu central FRANCEPogba
59%
2014 | 2016Atletico Madrid
58%
Défenseur central n°5 BELGIQUEVertonghen
58%
Défenseur central n°95 ITALIEBastoni
57%
Latéral gauche ITALIEDi Marco
57%
Ailier droit DANEMARKEriksen
57%
Milieu défensif BOSNIEPjanic
57%
Milieu central PAYS-BASWijnaldum
57%
Ailier gauche CROATIEMandzukic
56%
Milieu central TURQUIECalhanoglu
55%
Latéral gauche FRANCEEvra
55%
Défenseur central MONTENEGROSavic
54%
Milieu offensif CHILIVidal
54%
Défenseur central CROATIELovren
53%
Milieu central n°6 ITALIEPirlo
52%
Milieu défensif ALLEMAGNEKhedira
51%
Buteur n°29 ESPAGNECosta
50%
Milieu central n°7 ANGLETERREMilner
48%
Buteur ESPAGNETorres
48%
Défenseur central n°4 BELGIQUEAlderweireld
47%
Défenseur central n°15 ITALIE | Latéral droit ITALIEBarzagli
47%
Milieu central ESPAGNEHerrera
45%
Latéral gauche BRESILSandro
45%
Milieu droit ESPAGNESaul
44%
Défenseur central n°15 ITALIEAcerbi
43%
Buteur ARGENTINETevez
41%
Milieu central n°8 ITALIEMarchisio
40%
Latéral droit ESPAGNEJuanfran
38%
Latéral gauche BRESILFelipe Luis
33%
Latéral gauche ANGLETERRERose
33%
Buteur n°9 ESPAGNEVilla
33%
Milieu central ESPAGNE | Milieu central n°14 ESPAGNEGabi
32%
Latéral droit ANGLETERRETrippier
30%
Défenseur central n°36 ITALIEDarmian
28%
Défenseur central BRESILMiranda
24%
Milieu central n°5 ESPAGNETiago
20%
Ailier droit BRESILDani Alves
19%
Milieu défensif ANGLETERREWinks
18%
Milieu central ARGENTINEFernandez
5%
Latéral droit SUISSELiechtsteiner
4%
Milieu droit ESPAGNERaul Garcia
4%

Distribution des résultats

Percentile par nombre de réponses

% des personnes avec chaque résultat

Votre développement - résultats

Vous n’avez pas pris ce quiz